000
00252nam a2200109Ia 4500
005
20251222142004.0
008
251222s9999||||xx |||||||||||||| ||spa||
082
_a
330.91/C76
245
0
_a
EconomÃa, Trabajo y Sociedad:
264
_b
CES
942
_c
LIB
999
_c
10107
_d
10107